La Constitución de Cádiz (1812) ; (Record no. 67642)
[ view plain ]
| 000 -LEADER | |
|---|---|
| campo de control de longitud fija | 01023nam a2200289 i 4500 |
| 001 - NÚMERO DE CONTROL | |
| campo de control | 67642 |
| 003 - IDENTIFICADOR DE NÚMERO DE CONTROL | |
| campo de control | ES-MaACL |
| 005 - FECHA Y HORA DE LA ÚLTIMA TRANSACCIÓN | |
| campo de control | 20250923161228.0 |
| 007 - CAMPO FIJO DE DESCRIPCIÓN FÍSICA--INFORMACIÓN GENERAL | |
| campo de control de longitud fija | t| |
| 008 - DATOS DE LONGITUD FIJA--INFORMACIÓN GENERAL | |
| campo de control de longitud fija | 040608s2002 sp |||| | spa d |
| 020 ## - NÚMERO INTERNACIONAL ESTÁNDAR DEL LIBRO | |
| Número Internacional Estándar del Libro | 84-9740-031-3 |
| 080 ## - NÚMERO DE LA CLASIFICACIÓN DECIMAL UNIVERSAL | |
| Número de la Clasificación Decimal Universal | 342.4(460)"1812"(094.5) |
| 110 1# - ENTRADA PRINCIPAL--NOMBRE DE ENTIDAD CORPORATIVA | |
| Nombre de entidad corporativa o nombre de jurisdicción como elemento de entrada | España |
| 9 (RLIN) | 3622 |
| 240 10 - TÍTULO UNIFORME | |
| Título uniforme | Constitución, 1812 |
| 245 13 - MENCIÓN DEL TÍTULO | |
| Título | La Constitución de Cádiz (1812) ; |
| Resto del título | y Discurso preliminar a la Constitución / |
| Mención de responsabilidad, etc. | edición, introducción y notas de Antonio Fernández García. |
| 246 3# - FORMA VARIANTE DEL TITULO | |
| Título propio/Titulo breve | Discurso preliminar a la Constitución |
| 260 ## - PUBLICACIÓN, DISTRIBUCIÓN, ETC. | |
| Lugar de publicación, distribución, etc. | Madrid : |
| Nombre del editor, distribuidor, etc. | Castalia, |
| Fecha de publicación, distribución, etc. | [2002] |
| 300 ## - DESCRIPCIÓN FÍSICA | |
| Extensión | 270 p. ; |
| Dimensiones | 18 cm. |
| 490 1# - MENCIÓN DE SERIE | |
| Mención de serie | Clásicos Castalia ; |
| Designación de volumen o secuencia | 269 |
| 500 ## - NOTA GENERAL | |
| Nota general | Índice. |
| 504 ## - NOTA DE BIBLIOGRAFÍA, ETC. | |
| Nota de bibliografía, etc. | Bibliografía: p. 69-77. |
| 700 1# - ENTRADA AGREGADA--NOMBRE PERSONAL | |
| Nombre de persona | Argüelles, Agustín, |
| Fechas asociadas al nombre | 1776-1844. |
| Título de la obra | Discurso preliminar a la Constitución de 1812 |
| 9 (RLIN) | 22712 |
| 700 0# - ENTRADA AGREGADA--NOMBRE PERSONAL | |
| Nombre de persona | Fernández García, Antonio, |
| Fechas asociadas al nombre | 1936- |
| 9 (RLIN) | 49339 |
| 830 1# - PUNTO DE ACCESO ADICIONAL DE SERIE-TÍTULO UNIFORME | |
| Título uniforme | Clásicos Castalia ; |
| Designación de volumen o secuencia | 269 |
| 9 (RLIN) | 178595 |
| 852 4# - LOCALIZACIÓN | |
| Ubicación | ES-MaACL |
| Número de control de estantería | L-27929 |
| Estatus retirado | Estado de pérdida | Estado de daño | No para préstamo | Biblioteca de origen | Biblioteca actual | Ubicación en estantería | Fecha de adquisición | Fuente de adquisición | Total de préstamos | Signatura topográfica completa | Código de barras | Visto por última vez | Precio de reemplazo | Tipo de ítem Koha |
|---|---|---|---|---|---|---|---|---|---|---|---|---|---|---|
| Biblioteca del Ateneo de Madrid | Biblioteca del Ateneo de Madrid | Depósito 2 | 17/01/2008 | L-27929 | 1070823 | 23/02/2023 | 23/02/2023 | Libro impreso |
